[Event "GER-chT U20"]
[Site "Duesseldorf"]
[Date "2017.12.29"]
[Round "6.6"]
[White "Wiedenbruch, Paul"]
[Black "Glagau, Lars"]
[Result "0-1"]
[WhiteElo "1391"]
[BlackElo "1450"]
[PlyCount "62"]
[EventDate "2017.12.27"]
[EventType "team-swiss"]
[EventRounds "7"]
[EventCountry "GER"]
[SourceTitle "CBM 182 Extra"]
[Source "ChessBase"]
[SourceDate "2018.02.23"]
[SourceVersion "1"]
[SourceVersionDate "2018.02.23"]
[SourceQuality "1"]
[WhiteTeam "Duesseldorf U20"]
[BlackTeam "Potsdam U20"]
[WhiteTeamCountry "GER"]
[BlackTeamCountry "GER"]

1. e4 e6 2. d4 d5 3. Nc3 Nf6 4. Bg5 Be7 5. e5 Nfd7 6. h4 h6 7. Bxe7 Qxe7 8. Be2 a6 9. Qd2 c5 10. f4 Nc6 11. Nf3 cxd4 12. Nxd4 Nxd4 13. Qxd4 Qc5 14. 0-0-0 b5 15. g4 Bb7 16. Rhe1 Rc8 17. a3 Nb6 18. Qxc5 Rxc5 19. f5 Nc4 20. Bxc4 Rxc4 21. Rg1 Ke7 22. Rd3 Rhc8 23. Rd2 d4 24. Nd1 Be4 25. c3 exf5 26. gxf5 Bxf5 27. b3 R4c5 28. Rxd4 Rxe5 29. Rg2 Re4 30. Rxe4+ Bxe4 31. Kb2 Bxg2 0-1